| 000 | 00687nam a2200217 4500 | ||
|---|---|---|---|
| 003 | OSt | ||
| 005 | 20221111192321.0 | ||
| 008 | 221111b |||||||| |||| 00| 0 eng d | ||
| 020 | _a952 90 4962 5 | ||
| 040 | _cBiblioteca Lado V | ||
| 082 |
_a750 _bJ16a |
||
| 100 |
_9409 _aJacobi, Frans _ecurador |
||
| 245 | _a7 Artists at Helsinki Airport/ | ||
| 260 |
_bTomren & Jacobi _c1993 _aFinlandia |
||
| 300 |
_a49p. _c19x30cm |
||
| 650 |
_2Tesauro de Arte & Arquitectura _aFOTOGRAFIA |
||
| 650 |
_2Tesauro de Arte & Arquitectura _aCATALOGO |
||
| 650 |
_2Tesauro de Arte & Arquitectura _aAVIACION |
||
| 700 |
_aTomren, Anders _ecurador |
||
| 942 |
_2ddc _c1 _h750 _iJ16a _n0 |
||
| 999 |
_c2620 _d2620 |
||